书目信息 |
| 题名: |
高等数学(工专)
|
|
| 作者: | 吴纪桃 主编 | |
| 分册: | ||
| 出版信息: | 北京大学 2006.08 |
|
| 页数: | 234页 | |
| 开本: | 20cm | |
| 丛书名: | ||
| 单 册: | ||
| 中图分类: | O13 | |
| 科图分类: | ||
| 主题词: | 高等数学 | |
| 电子资源: | ||
| ISBN: | 7-301-10708-0 | |
| 000 | 00596nam0 2200229 45 | |
| 001 | 0953502727 | |
| 005 | 20091014145250.50 | |
| 010 | @a7-301-10708-0@dCNY33.00 | |
| 100 | @a20090515d2006 ekmy0 y0120 ea | |
| 102 | @aCN@b130000 | |
| 102 | @aCN@b110000 | |
| 105 | @ay z 000yy | |
| 200 | 1 | @a高等数学(工专)@f吴纪桃主编@Fwu ji tao zhu bian |
| 210 | @c北京大学@d2006.08 | |
| 210 | @a北京@c北京大学出版社 | |
| 215 | @a234页@d20cm | |
| 606 | 0 | @a高等数学 |
| 690 | @aO13@v4 | |
| 701 | 0 | @a吴纪桃@Awu ji tao@4主编 |
| 801 | 0 | @aCN@c20091014 |
| 905 | @a10447@dO13@eW8001 | |
| 906 | @d33@n3@r1 | |
| 高等数学(工专)/吴纪桃主编.-北京大学,2006.08.-北京:北京大学出版社 |
| 234页;20cm |
| ISBN 7-301-10708-0:CNY33.00 |
| ● |
| 相关链接 |
|
|
|
正题名:高等数学(工专)
索取号:O13/W8001
 
预约/预借
| 序号 | 登录号 | 条形码 | 馆藏地/架位号 | 状态 | 备注 |
| 1 | 897055 | 208970559 | 自科二线504/110考试书库 8排3列4层/ [索取号:O13/W8001] | 在馆 | |
| 2 | 897056 | 208970568 | 自科二线504/504自科库 43排5列4层/ [索取号:O13/W8001] | 在馆 | |
| 3 | 897057 | 208970577 | 自科二线504/504自科库 43排5列4层/ [索取号:O13/W8001] | 在馆 |